书目信息 |
| 题名: |
气候之书
|
|
| 作者: | 冈斯塔拉 著 ;辛丽川 译 | |
| 分册: | ||
| 出版信息: | 长沙 湖南科学技术出版社 2020 |
|
| 页数: | 126页 | |
| 开本: | 29cm | |
| 丛书名: | ||
| 单 册: | ||
| 中图分类: | P46-49 , P46 | |
| 科图分类: | ||
| 主题词: | 气候--普及读物 | |
| 电子资源: | ||
| ISBN: | 978-7-5710-0651-8 | |
| 000 | 01349nam0 2200277 450 | |
| 001 | 2339807444 | |
| 005 | 20230923110344.97 | |
| 010 | @a978-7-5710-0651-8@b精装@dCNY88.00 | |
| 100 | @a20210316d2020 em y0chiy50 ea | |
| 101 | 1 | @achi@cger |
| 102 | @aCN@b430000 | |
| 105 | @aa z 000yy | |
| 200 | 1 | @a气候之书@Aqi hou zhi shu@e可视化气候百科@dThe climate book@eeverything you need to know in 50 graphics@f(德)艾斯特·冈斯塔拉(Esther Gonstalla)著@g辛丽川译@zeng |
| 210 | @a长沙@c湖南科学技术出版社@d2020 | |
| 215 | @a126页@c图@d29cm | |
| 300 | @a中国国家地理 | |
| 330 | @a本书用信息可视化的方式,化繁为简,将科学文献和研究数据转化为100余个结构清晰、简明易读的图表,配合深入浅出的解说,详细介绍了全球气候系统的运转机制,简约直观地描绘了各种气候问题的成因,阐述了人类活动对气候变化的影响,并探讨人类在维持全球气候稳定方面做出的努力和尝试。从我们亲身感受的高温和暴雨,到遥远极地崩塌的冰川,本书多元化地展示了全球气候变化的原因、后果和应对方案,让我们轻松了解关于气候系统的全方位知识。 | |
| 510 | 1 | @aClimate book@eeverything you need to know in 50 graphics@zeng |
| 510 | 1 | @aKlimabuch@zger |
| 606 | 0 | @a气候@j普及读物 |
| 690 | @aP46-49@v5 | |
| 690 | @aP46@v4 | |
| 701 | 0 | @c(德)@a冈斯塔拉@Agang si ta la@c(Gonstalla, Esther@f1985-)@4著 |
| 702 | 0 | @a辛丽川@Axin li chuan@4译 |
| 801 | 0 | @aCN@b安徽时代@c20230923 |
| 905 | @aBZT@dP46@e2 | |
| 气候之书:可视化气候百科=The climate book:everything you need to know in 50 graphics/(德)艾斯特·冈斯塔拉(Esther Gonstalla)著/辛丽川译.-长沙:湖南科学技术出版社,2020 |
| 126页:图;29cm |
| 中国国家地理 |
| ISBN 978-7-5710-0651-8(精装):CNY88.00 |
| 本书用信息可视化的方式,化繁为简,将科学文献和研究数据转化为100余个结构清晰、简明易读的图表,配合深入浅出的解说,详细介绍了全球气候系统的运转机制,简约直观地描绘了各种气候问题的成因,阐述了人类活动对气候变化的影响,并探讨人类在维持全球气候稳定方面做出的努力和尝试。从我们亲身感受的高温和暴雨,到遥远极地崩塌的冰川,本书多元化地展示了全球气候变化的原因、后果和应对方案,让我们轻松了解关于气候系统的全方位知识。 |
| ● |
| 相关链接 |
|
|
|
正题名:气候之书
索取号:P46/2
 
预约/预借
| 序号 | 登录号 | 条形码 | 馆藏地/架位号 | 状态 | 备注 |
| 1 | 2000916181 | 2000916181 | 第四书库/四29架B面1层6列/ [索取号:P46/2] | 在馆 | |
| 2 | 2000916182 | 2000916182 | 第四书库/四29架B面1层6列/ [索取号:P46/2] | 在馆 | |
| 3 | 2000916183 | 2000916183 | 第四书库/四29架B面1层6列/ [索取号:P46/2] | 在馆 | |
| 4 | 2000916184 | 2000916184 | 第四书库/四29架B面1层6列/ [索取号:P46/2] | 在馆 | |
| 5 | 2000916185 | 2000916185 | 第四书库/四29架B面1层6列/ [索取号:P46/2] | 在馆 | |
| 6 | 2000916186 | 2000916186 | 第四书库/四29架B面1层6列/ [索取号:P46/2] | 在馆 |